| 000 -LEADER |
| fixed length control field |
00985cam a2200241 a 4500 |
| 003 - CONTROL NUMBER IDENTIFIER |
| control field |
OSt |
| 005 - DATE AND TIME OF LATEST TRANSACTION |
| control field |
20200521131306.0 |
| 008 - FIXED-LENGTH DATA ELEMENTS--GENERAL INFORMATION |
| fixed length control field |
090122s2009 ctua b 001 0 eng |
| 020 ## - INTERNATIONAL STANDARD BOOK NUMBER |
| International Standard Book Number |
9780300153972 (cloth : alk. paper) |
| 082 00 - DEWEY DECIMAL CLASSIFICATION NUMBER |
| Classification number |
724.6STE |
| Edition number |
22 |
| 100 1# - MAIN ENTRY--PERSONAL NAME |
| Personal name |
Stern, Robert A. M. |
| 245 10 - TITLE STATEMENT |
| Title |
Architecture on the edge of postmodernism : |
| Remainder of title |
collected essays, 1964-1988 / |
| Statement of responsibility, etc |
Robert A. M. Stern ; edited by Cynthia Davidson. |
| 260 ## - PUBLICATION, DISTRIBUTION, ETC. (IMPRINT) |
| Place of publication, distribution, etc |
New Haven : |
| Name of publisher, distributor, etc |
Yale University Press, |
| Date of publication, distribution, etc |
c2009. |
| 300 ## - PHYSICAL DESCRIPTION |
| Extent |
ix, 202 p. : |
| Other physical details |
ill. ; |
| Dimensions |
26 cm. |
| 504 ## - BIBLIOGRAPHY, ETC. NOTE |
| Bibliography, etc |
Includes bibliographical references and index. |
| 648 #7 - SUBJECT ADDED ENTRY--CHRONOLOGICAL TERM |
| Chronological term |
Geschichte 1964-1988 |
| Source of heading or term |
swd |
| 650 #0 - SUBJECT ADDED ENTRY--TOPICAL TERM |
| Topical term or geographic name as entry element |
Modern movement (Architecture) |
| 650 #0 - SUBJECT ADDED ENTRY--TOPICAL TERM |
| Topical term or geographic name as entry element |
Architecture, Postmodern. |
| 700 1# - ADDED ENTRY--PERSONAL NAME |
| Personal name |
Davidson, Cynthia C. |
| 856 42 - ELECTRONIC LOCATION AND ACCESS |
| Materials specified |
Contributor biographical information |
| Uniform Resource Identifier |
<a href="http://www.loc.gov/catdir/enhancements/fy1012/2009002873-b.html">http://www.loc.gov/catdir/enhancements/fy1012/2009002873-b.html</a> |
| 856 42 - ELECTRONIC LOCATION AND ACCESS |
| Materials specified |
Publisher description |
| Uniform Resource Identifier |
<a href="http://www.loc.gov/catdir/enhancements/fy1012/2009002873-d.html">http://www.loc.gov/catdir/enhancements/fy1012/2009002873-d.html</a> |
| 942 ## - ADDED ENTRY ELEMENTS (KOHA) |
| Source of classification or shelving scheme |
|